Reimplantación y trasplante en odontología : (Record no. 7103)
[ view plain ]
| 000 -LEADER | |
|---|---|
| fixed length control field | 00692nam a22002057a 4500 |
| 005 - DATE AND TIME OF LATEST TRANSACTION | |
| control field | 20220519125738.0 |
| 008 - FIXED-LENGTH DATA ELEMENTS--GENERAL INFORMATION | |
| fixed length control field | 110314t ag||||| |||| 00| 0 spa d |
| 020 ## - INTERNATIONAL STANDARD BOOK NUMBER | |
| International Standard Book Number | 9500694808 |
| 050 04 - LIBRARY OF CONGRESS CALL NUMBER | |
| Classification number | RK533 |
| Item number | A53 1992 |
| 100 1# - MAIN ENTRY--PERSONAL NAME | |
| Personal name | Andreasen, Jens O. |
| 245 10 - TITLE STATEMENT | |
| Title | Reimplantación y trasplante en odontología : |
| Remainder of title | atlas color / |
| Statement of responsibility, etc | Jens O. Andreasen ; Lennart Haakansson coor. ; il. Poul Buckhoj. |
| 250 ## - EDITION STATEMENT | |
| Edition statement | 1a ed. |
| 260 ## - PUBLICATION, DISTRIBUTION, ETC. (IMPRINT) | |
| Place of publication, distribution, etc | Buenos Aires : |
| Name of publisher, distributor, etc | Medica Panamericana, |
| Date of publication, distribution, etc | c1992 |
| 300 ## - PHYSICAL DESCRIPTION | |
| Extent | 302 p. : |
| Other physical details | il. ; |
| Dimensions | 31 cm. |
| 504 ## - BIBLIOGRAPHY, ETC. NOTE | |
| Bibliography, etc | Incluye bibliografias e indice |
| 650 #7 - SUBJECT ADDED ENTRY--TOPICAL TERM | |
| Source of heading or term | Lemb |
| Topical term or geographic name as entry element | Implantes dentarios |
| 700 1# - ADDED ENTRY--PERSONAL NAME | |
| Personal name | Haakansson, Lennart, |
| Relator term | coord. |
| 700 1# - ADDED ENTRY--PERSONAL NAME | |
| Personal name | Buckhoj, poul, |
| Relator term | il. |
| 942 ## - ADDED ENTRY ELEMENTS (KOHA) | |
| Source of classification or shelving scheme | Biblioteca del Cogreso de los Estados Unidos |
| Koha item type | Libro |
| Estado de pérdida | Fuente de clasificación | Estado del daño | No para préstamo | Ubicación permanente | Ubicación actual | Apartado o colección | Fecha de adquisición | Edición | Área del conocimiento | Clasificación | Código de Barras | Date last seen | Número de copia | Costo por reposición | Tipo de recurso | Nota pública | Dependencia de educación superior (DES) |
|---|---|---|---|---|---|---|---|---|---|---|---|---|---|---|---|---|---|
| Biblioteca del Cogreso de los Estados Unidos | Biblioteca de la Facultad de Odontología | Biblioteca de la Facultad de Odontología | Consulta | 03/08/2016 | 1a. ed. | Ciencias de la Salud | RK533 A54 1992 | BFO000002108 | 03/08/2016 | C:1 | 0.00 | Libro | Ciencias de la Salud | ||||
| Biblioteca del Cogreso de los Estados Unidos | Biblioteca del Posgrado en Odontología | Biblioteca del Posgrado en Odontología | General | 14/03/2011 | 1a ed. | Ciencias de la Salud | RK533 A53 1992 | BPO000000521 | 14/03/2011 | 1 | 1.00 | Libro | GENERAL | ||||
| Biblioteca del Cogreso de los Estados Unidos | Biblioteca del Posgrado en Odontología | Biblioteca del Posgrado en Odontología | General | 14/03/2011 | 1a ed. | Ciencias de la Salud | RK533 A53 1992 | BPO000000522 | 14/03/2011 | 2 | 1.00 | Libro | GENERAL |